000 00444nam a2200181Ia 4500
008 230524s9999 xx 000 0 und d
020 _a8172861842
082 _a621.382
_bRAO
100 _aB.V.Narayan Rao
_92538
245 0 _aBasic Electronics
250 _a4TH
260 _aNEW DELHI
_bPrism
_c2000
300 _aVII;295
500 _aQuantity Number: 1
650 _aElectronics
700 _a R.Mallikarjuna Setty
_92539
942 _cBK
999 _c4452
_d4452